Cagliari players since 2000 - Statistics

General Stats
  • This quiz has been taken 18 times
  • The average score is 75 of 306
Answer Stats
Ranking Player Positions Nationality Matches Goals Assists Periods % Correct
13 Radja Nainggolan CM 179 14 12 2009-2013, 2019-2021
87%
202 Antonio Esposito RM 12 1 0 2000-2002
80%
6 David Suazo ST 241 93 14 2000-2007
80%
8 Leonardo Pavoletti ST 201 48 8 2017-2025
80%
9 Mauro Esposito RW 198 58 20 2001-2007
80%
5 João Pedro ST 255 84 27 2014-2022
73%
91 Yerry Mina CB 45 3 0 2023-2025
73%
1 Daniele Conti DM 425 46 29 2000-2015
67%
2 Diego López CB 283 7 0 2000-2010
67%
55 Gianfranco Zola CF 74 22 20 2003-2005
67%
20 Nahitan Nández CM 154 6 16 2019-2024
67%
4 Andrea Cossu AM 257 12 59 2005-2006, 2007-2014, 2017-2018
60%
27 Artur Ioniță CM 125 6 8 2016-2020
60%
38 Charalampos Lykogiannis LB 101 5 6 2017-2022
60%
19 Gabriele Zappa RB 163 6 8 2020-2025
60%
105 Gianluca Gaetano AM 39 6 5 2023-2025
60%
35 Răzvan Marin DM 106 6 14 2020-2021, 2024-2025
60%
37 Robert Acquafresca ST 105 32 4 2007-2008, 2010-2011
60%
46 Zito Luvumbo ST 92 9 11 2022-2025
60%
59 Adam Obert CB 73 1 3 2021-2025
53%
26 Alessandro Matri ST 125 36 11 2007-2011
53%
18 Alessio Cragno GK 166 0 0 2014-2015, 2017-2022
53%
93 Daniele Ragatzu CF 45 5 0 2008-2010, 2019-2020
53%
106 Diego Godín CB 39 1 1 2020-2022
53%
177 Elia Caprile GK 18 0 0 2024-2025
53%
63 Giovanni Simeone ST 71 18 6 2019-2022
53%
36 Nicolò Barella CM 105 7 6 2014-2019
53%
111 Roberto Piccoli ST 37 10 3 2024-2025
53%
30 Víctor Ibarbo CF 118 15 13 2011-2014, 2016-2017
53%
32 Albin Ekdal DM 116 8 5 2011-2015
47%
22 Fabio Pisacane CB 145 4 3 2015-2021
47%
60 Gianluca Lapadula ST 71 24 6 2022-2025
47%
11 Marco Sau ST 193 45 18 2012-2019
47%
125 Mauricio Isla RB 34 1 7 2016-2017
47%
121 Nadir Zortea RM 35 6 2 2024-2025
47%
76 Ragnar Klavan CB 61 0 0 2018-2021
47%
77 Alberto Dossena CB 58 2 4 2022-2024
40%
229 Alen Sherri GK 7 0 0 2024-2025
40%
14 Alessandro Deiola CM 177 12 6 2015-2025
40%
39 Antoine Makoumbou DM 101 2 3 2022-2025
40%
23 Antonio Langella CF 135 20 9 2001-2007
40%
10 Daniele Dessena CM 195 10 4 2009-2010, 2011-2019
40%
192 Édgar Álvarez RM 15 1 0 2004-2005
40%
162 Eldor Shomurodov ST 22 3 3 2023-2024
40%
184 Elio Capradossi CB 16 0 1 2022-2023
40%
69 Federico Marchetti GK 68 0 0 2008-2010
40%
175 Jakub Jankto LM 18 1 2 2023-2024
40%
145 Keita Baldé LW 26 3 2 2021-2022
40%
203 Kwang-song Han ST 12 1 1 2016-2018
40%
118 Luca Pellegrini LB 36 0 7 2018-2020
40%
53 Marco Storari GK 76 0 0 2007-2008, 2015-2017
40%
57 Marko Rog CM 73 2 3 2019-2023
40%
109 Matteo Prati DM 38 1 1 2023-2025
40%
122 Michel Adopo CM 35 1 2 2024-2025
40%
28 Nenê ST 124 23 6 2009-2014
40%
89 Paulo Azzi LB 47 2 1 2022-2025
40%
117 Sebastiano Luperto CB 36 1 3 2024-2025
40%
43 Simone Padoin CM 98 2 2 2016-2019
40%
94 Simone Scuffet GK 44 0 0 2023-2025
40%
64 Tommaso Augello LB 70 1 8 2023-2025
40%
152 Valter Birsa AM 25 0 0 2018-2020
40%
3 Alessandro Agostini LB 281 0 10 2003-2012
33%
173 Andrea Petagna ST 18 1 1 2023-2024
33%
86 Boris Radunović GK 48 0 0 2021-2024
33%
114 Bruno Alves CB 36 1 0 2016-2017
33%
144 Darijo Srna RB 26 0 4 2018-2019
33%
17 Davide Astori CB 174 3 4 2008-2014
33%
219 Florinel Coman LW 9 1 0 2024-2025
33%
7 Francesco Pisano RB 231 1 7 2004-2015
33%
73 Gastón Pereiro AM 63 8 4 2019-2023
33%
48 Jeda CF 88 22 9 2007-2010
33%
241 Kiril Despodov RW 5 0 0 2018-2019, 2020-2021
33%
12 Luca Ceppitelli CB 180 10 1 2014-2022
33%
119 Marco Borriello ST 36 16 1 2016-2017
33%
181 Robin Olsen GK 17 0 0 2019-2020
33%
102 Sebastian Walukiewicz CB 40 0 1 2019-2022
33%
166 Zeljko Brkic GK 21 0 1 2014-2015
33%
230 Adam Ounas RW 7 0 0 2020-2021
27%
54 Alberto Cerri ST 74 5 3 2015-2016, 2018-2021
27%
134 Alberto Grassi DM 30 0 2 2021-2022
27%
226 Alejandro González CB 7 0 0 2014-2015
27%
80 Andrea Carboni CB 52 0 1 2019-2022
27%
97 Antonio Chimenti GK 43 0 0 2005-2007
27%
87 Bartosz Salamon CB 48 2 2 2015-2017
27%
154 Christian Oliva DM 25 1 2 2019-2022
27%
139 Dalbert LB 28 0 2 2021-2022
27%
222 Fabián Carini GK 8 0 0 2005-2006
27%
198 Filippo Falco RW 14 0 0 2022-2023
27%
201 Franco Carboni LB 13 0 1 2022-2023
27%
151 Gennaro Iezzo GK 25 0 0 2003-2005
27%
168 Ibrahim Sulemana DM 21 2 0 2023-2024
27%
44 Joaquín Larrivey ST 96 12 1 2007-2009, 2011-2013
27%
206 Kingstone Mutandwa ST 11 1 0 2023-2025
27%
221 Kwadwo Asamoah LM 9 0 0 2020-2021
27%
58 Luca Cigarini DM 73 2 8 2017-2020
27%
140 Lucas Castro AM 27 3 3 2018-2020
27%
197 Martín Cáceres CB 14 1 1 2021-2022
27%
62 Massimo Gobbi LB 71 5 7 2004-2006
27%
74 Mauricio Pinilla ST 63 22 6 2011-2014
27%
29 Michael Agazzi GK 122 0 0 2009-2014
27%
71 Michele Fini CM 66 6 15 2007-2009
27%
21 Nelson Abeijón DM 147 11 4 2000-2006
27%
67 Nicolas Viola AM 69 9 3 2022-2025
27%
149 Panagiotis Tachtsidis DM 26 0 6 2016-2017
27%
47 Paolo Bianco CB 91 4 0 2006-2009
27%
108 Rafael GK 38 0 0 2015-2017, 2019-2020
27%
167 Riccardo Sottil LW 21 2 1 2020-2021
27%
103 Rolando Bianchi ST 39 4 4 2003-2005
27%
195 Theofanis Katergiannakis GK 15 0 0 2004-2005
27%
240 Adryan AM 5 0 0 2013-2014
20%
153 Agim Ibraimi RW 25 2 2 2013-2014
20%
171 Alfred Duncan CM 19 0 1 2020-2021
20%
224 Andrea Cocco ST 8 1 0 2005-2007
20%
56 Andrea Parola DM 73 1 2 2007-2010
20%
158 Andrés Tello CM 24 2 0 2015-2016
20%
107 Antonino D'Agostino RM 38 1 1 2006-2008
20%
160 Christos Kourfalidis CM 23 1 3 2021-2023
20%
104 Cristiano Del Grosso LB 39 0 0 2006-2008
20%
247 Cristiano Lupatelli GK 5 0 0 2008-2010
20%
242 Cyril Théréau ST 5 0 0 2018-2019
20%
215 Daniele Baselli CM 9 0 1 2021-2022
20%
252 Daniele Magliocchetti CB 4 0 0 2007-2009
20%
182 Daniele Rugani CB 16 1 1 2020-2021
20%
61 Danilo Avelar LB 71 4 9 2012-2015
20%
16 Davide Biondini CM 176 7 15 2006-2012
20%
83 Davide Di Gennaro AM 51 6 10 2015-2017
20%
24 Diego Farias LW 131 31 23 2014-2018, 2021-2022
20%
180 Duje Cop ST 18 4 0 2014-2015, 2017-2018
20%
143 Filip Bradaric DM 27 0 1 2018-2019
20%
100 Filippo Romagna CB 41 0 0 2017-2019
20%
75 Francesco Bega CB 61 1 0 2004-2006
20%
294 Francesco Verde ST 1 0 0 2018-2019
20%
265 Gabriel GK 3 0 0 2016-2017
20%
52 Gabriele Perico RB 78 0 1 2010-2014
20%
155 Gaetano Oristanio AM 25 2 1 2023-2024
20%
92 Giorgio Altare CB 45 2 0 2021-2023
20%
245 Gregory van der Wiel RB 5 0 0 2017-2018
20%
251 Guglielmo Vicario GK 4 0 0 2020-2021
20%
172 José Luis Palomino CB 18 1 0 2024-2025
20%
214 Kevin Strootman CM 10 0 0 2021-2022
20%
146 Marco Andreolli CB 26 0 0 2017-2019
20%
137 Marco Fortin GK 29 0 0 2006-2008
20%
99 Marco Mancosu AM 42 6 6 2006-2008, 2022-2024
20%
249 Marco Negri ST 4 2 0 2001-2002
20%
266 Marco Silvestri GK 3 0 0 2013-2014
20%
78 Massimo Brambilla CM 57 0 3 2003-2005
20%
157 Mateusz Wieteska CB 24 0 2 2023-2025
20%
216 Matías Vecino CM 9 2 0 2013-2014
20%
129 Matteo Villa CB 31 3 0 2000-2001
20%
170 Mattia Felici LW 20 0 3 2024-2025
20%
15 Michele Canini CB 176 2 1 2005-2012
20%
261 Mikhail Sivakov CB 3 0 0 2009-2011
20%
220 Modibo Diakité CB 9 0 0 2014-2015
20%
278 Moreno Longo RB 2 0 0 2002-2003
20%
42 Nicola Murru LB 98 0 7 2011-2017
20%
199 Pantelis Hatzidiakos CB 13 0 0 2023-2024
20%
126 Pasquale Foggia AM 33 5 3 2007-2008
20%
263 Riccardo Ladinetti DM 3 0 0 2019-2020
20%
298 Roberto Colombo GK 1 0 0 2016-2017
20%
90 Roberto Maltagliati CB 46 0 0 2003-2005
20%
273 Salvatore Burrai DM 2 0 0 2006-2007, 2008-2009
20%
141 Samuele Longo ST 27 0 1 2014-2015
20%
65 Sebastiano Pinna MF 69 1 0 2000-2004
20%
49 Simone Loria CB 87 11 0 2002-2005
20%
115 Simone Pepe RW 36 3 3 2006-2007
20%
292 Simone Pinna RB 1 0 0 2019-2020
20%
72 Thiago Ribeiro LW 64 6 4 2011-2013
20%
130 Vlada Avramov GK 31 0 0 2011-2014
20%
303 Adam Griger ST 1 0 0 2022-2023
13%
233 Alberto Paloschi ST 7 0 0 2019-2020
13%
296 Alessandro Bastrini CB 1 0 0 2013-2014
13%
51 Alessandro Budel DM 83 1 5 2004-2008
13%
243 Alessandro Colasante MF 5 0 0 2001-2003
13%
128 Alessandro Conticchio CM 31 0 0 2005-2007
13%
133 Alessandro Di Pardo RB 31 0 1 2022-2024
13%
293 Alessandro Gadau MF 1 0 0 2000-2001
13%
223 Alessandro Orlando LB 8 0 0 2000-2001
13%
213 Alessandro Tripaldelli LB 10 0 0 2020-2021
13%
123 Alessio Scarpi GK 35 0 0 2000-2001
13%
282 Alex Brunner GK 1 0 0 2004-2005
13%
227 Alex Pinardi DM 7 0 0 2010-2011
13%
207 Andrea Campagnolo GK 11 0 0 2005-2006
13%
33 Andrea Capone AM 114 12 7 2000-2003, 2005-2007
13%
41 Andrea Lazzari CM 99 9 15 2008-2011
13%
254 Andrea Tabanelli CM 3 0 0 2013-2014
13%
275 Antonio Adán GK 2 0 0 2013-2014
13%
85 Antonio Balzano RB 50 1 4 2014-2016
13%
110 Antonio Barreca LB 37 0 3 2015-2016, 2022-2023
13%
205 Antonio Cinelli CM 12 1 1 2015-2016
13%
255 Antonio Loi LW 3 0 0 2013-2014
13%
31 Armando Pantanelli GK 116 0 0 2001-2004
13%
269 Arturo Calabresi CB, RB 2 0 0 2020-2021
13%
235 Caio Rangel RW 6 0 0 2014-2015
13%
194 Carlos Matheu CB 15 0 1 2008-2009
13%
256 Claudio Ferrarese RW 3 0 0 2005-2006
13%
260 Claudio Pani DM 3 0 0 2004-2005, 2008-2009
13%
211 Cristian Bucchi ST 10 1 0 2002-2004
13%
228 Cristian Ranalli FW 7 0 0 2002-2003
13%
232 Damir Céter ST 7 0 0 2017-2018, 2021-2022
13%
234 Dario Del Fabro CB 6 0 0 2012-2014
13%
268 Davide Capello GK 2 0 0 2003-2004
13%
101 Davide Carrus DM 40 1 0 2000-2001, 2002-2003
13%
218 Davide Fontolan LM 9 2 0 2000-2001
13%
176 Davide Marchini RM 18 3 1 2006-2008
13%
189 Di Fábio CB 15 0 0 2002-2004
13%
98 Edoardo Goldaniga CB 42 0 0 2021-2024
13%
116 Emiliano Melis CF 36 6 0 2000-2003
13%
257 Enea Dionisio DF 3 0 0 2001-2002
13%
253 Enrico Cotza CM 4 0 0 2007-2008
13%
284 Enrico Verachi AM 1 0 0 2009-2010
13%
135 Fabio Macellari LB 29 0 2 2002-2004
13%
271 Fabio Vignati CB 2 0 0 2004-2006
13%
161 Fabrizio Cacciatore RB 23 0 2 2018-2020
13%
209 Fabrizio Caligara CM 11 0 0 2017-2018, 2020-2021
13%
34 Fabrizio Cammarata ST 106 24 0 2000-2004
13%
210 Federico Casarini CM 11 1 0 2012-2013
13%
276 Federico Marigosu AM 2 0 0 2019-2020
13%
174 Federico Mattiello RB 18 0 1 2019-2020
13%
112 Federico Melchiorri ST 37 11 10 2015-2017
13%
285 Federico Serra LW 1 0 0 2016-2017
13%
190 Filippo Medri CB 15 0 0 2000-2001
13%
25 François Modesto CB 128 3 0 2000-2004
13%
258 Gabriel Peñalba CM 3 0 0 2006-2007
13%
287 Giacomo Demartis AM 1 0 0 2000-2001
13%
142 Gianfranco Circati DF 27 0 0 2000-2002
13%
147 Gianluca Festa CB, RB 26 2 0 2003-2004
13%
70 Gianluca Grassadonia CB 67 1 0 2000-2003
13%
289 Gianni Cavezzi RM 1 0 0 2000-2001
13%
131 Gianni Munari CM 31 2 1 2015-2017
13%
208 Gian Paolo Manighetti LB 11 0 0 2002-2003
13%
96 Giorgio Gorgone RM 43 1 0 2001-2003
13%
50 Giorgio Lucenti RB 86 10 0 2000-2003
13%
212 Giovanni Soro RW 10 0 0 2000-2001
13%
81 Giovanni Sulcis MF 51 4 0 2000-2002
13%
299 Giuseppe Ciocci GK 1 0 0 2024-2025
13%
165 Godfred Donsah DM 21 2 1 2014-2015
13%
290 Horacio Peralta ST 1 0 0 2004-2005
13%
304 Isaías Delpupo AM 1 0 0 2022-2023
13%
301 Ivan Pelizzoli GK 1 0 0 2010-2011
13%
302 Jacopo Desogus LW 1 0 0 2022-2023
13%
169 Jason Mayélé FW 20 0 0 2000-2002
13%
120 Joe Bizera CB 35 0 0 2005-2008
13%
279 Josef Husbauer CM 2 0 0 2014-2015
13%
196 Leandro Castán CB 14 0 1 2017-2018
13%
148 Leonardo Colucci CM 26 1 1 2006-2007
13%
200 Lino Marzorati CB 13 0 1 2009-2010
13%
66 Lorenzo Ariaudo CB 69 1 0 2009-2014
13%
138 Lorenzo Crisetig DM 28 0 1 2014-2015
13%
95 Loris Del Nevo CM 43 1 3 2003-2005
13%
300 Luca Capecchi GK 1 0 0 2007-2008
13%
183 Luca Cavallo RM 16 0 0 2001-2002
13%
270 Luca Crosta GK 2 0 0 2016-2018
13%
262 Luca Gagliano ST 3 1 1 2019-2020, 2021-2022
13%
45 Luca Rossettini CB 96 3 3 2012-2015
13%
159 Luigi Beghetto ST 24 1 0 2000-2002
13%
164 Luka Krajnc CB 21 0 0 2015-2016
13%
84 Marcello Albino CM 51 3 2 2003-2005
13%
82 Marco Capuano CB 51 1 1 2014-2018
13%
113 Marco Fossati DM 36 1 3 2015-2016
13%
286 Marios Ikonomou CB 1 0 0 2013-2014
13%
250 Marko Pajac LB 4 0 0 2016-2017, 2018-2019
13%
305 Massimiliano Mei CB 1 0 0 2000-2001
13%
150 Matías Cabrera AM 26 1 2 2012-2014
13%
186 Matteo Lovato CB 16 0 0 2021-2022
13%
236 Matteo Tramoni AM 6 0 0 2020-2021
13%
283 Mattia Gallon LW 1 0 0 2009-2010
13%
163 Mauricio Pineda LB 21 0 0 2002-2003
13%
281 Mauro Vigorito GK 2 0 0 2009-2010
13%
68 Michele Ferri CB 68 1 1 2005-2009
13%
79 Mirko Cudini CB 57 0 0 2001-2003
13%
231 Mostapha El Kabir ST 7 1 0 2011-2012
13%
88 Niccolò Giannetti ST 48 9 8 2015-2018
13%
248 Nicola Diliso RB 4 0 0 2000-2001
13%
306 Nicola Pintus CB 1 0 0 2024-2025
13%
204 Nik Prelec ST 12 0 2 2022-2023
13%
179 Nunzio Lella CM 18 1 0 2022-2023
13%
217 Pablo Ceppelini AM 9 0 0 2010-2013
13%
267 Paolo Castelli GK 3 0 0 2000-2001
13%
40 Paolo Faragò CM 100 4 8 2016-2022
13%
280 Paolo Mancini GK 2 0 0 2002-2003
13%
188 Paul-José Mpoku AM 16 3 2 2014-2015
13%
132 Raoul Bellanova RM 31 1 2 2021-2022
13%
127 Renato Buso RM 32 4 0 2000-2001
13%
297 Riccardo Doratiotto AM 1 0 0 2018-2019
13%
288 Riccardo Gavioli CM 1 0 0 2003-2004
13%
295 Roberto Biancu CM 1 0 0 2016-2017
13%
238 Roberto Guana CM 6 0 0 2002-2003
13%
274 Roberto Puddu FW 2 0 0 2006-2007
13%
156 Rocco Sabato LB 24 0 1 2003-2005
13%
237 Rui Sampaio DM 6 0 0 2011-2012
13%
136 Sebastian Eriksson DM 29 0 0 2011-2014
13%
259 Semedo DM 3 0 0 2006-2007
13%
191 Senna Miangue CB 15 0 1 2016-2018
13%
272 Simone Aresti GK 2 0 0 2006-2007, 2023-2024
13%
187 Simone Barone CM 16 0 0 2009-2010
13%
264 Simone Colombi GK 3 0 0 2014-2015
13%
277 Simone Gozzi CB 2 0 0 2011-2012
13%
185 Simone Missiroli CM 16 0 2 2010-2011
13%
291 Simone Solinas AM 1 0 0 2013-2014
13%
178 Simon Laner CM 18 0 0 2010-2011
13%
124 Stefano De Angelis LB 34 1 0 2001-2002
13%
246 Vincenzo Marruocco GK 5 0 0 2007-2008
13%
193 Vincenzo Millico LW 15 0 3 2022-2023
13%
239 Luca Bittante RB 5 0 0 2016-2017
7%
244 Santiago Colombatto DM 5 0 0 2015-2016
7%
225 Simone Benedetti CB 8 0 1 2014-2016
7%
No matching quizzes found
Score Distribution
Percent of People with Each Score
Percentile by Number Answered
Your Score History
You have not taken this quiz